000 00938nam a22001697a 4500
008 090809s2003 ua ||||| |||| 00| 0 eng d
020 _a9770185726
082 _a551.5113
_bه و ل
245 _aالحياة الخفية للغبار/
_cتأليف هنا هولمز؛ ترجمة مصطفى ابراهيم فهمى
260 _aالقاهرة:
_bالهيئة المصرية العامة للكتاب،
_c2003
300 _a؛425 ص
_c22 سم
490 _aمكتبة الاسرة. سلسلة الاعمال العلمية
650 _98388
_aالغبار
942 _2ddc
_cBB
999 _c12552
_d12552